India watching (Record no. 25100)

MARC details
000 -LEADER
fixed length control field 00246nam a2200109Ia 4500
082 ## - DEWEY DECIMAL CLASSIFICATION NUMBER
Classification number 327
Item number AMI
100 ## - MAIN ENTRY--AUTHOR NAME
Personal name Amita Malik
245 #0 - TITLE STATEMENT
Title India watching
260 ## - PUBLICATION, DISTRIBUTION, ETC. (IMPRINT)
Place of publication Delhi
Name of publisher Vikas
Year of publication 1977
942 ## - ADDED ENTRY ELEMENTS (KOHA)
Koha item type Books
Holdings
Withdrawn status Lost status Damaged status Not for loan Home library Current library Date acquired Cost, normal purchase price Full call number Accession Number Koha item type
        RRII Library RRII Library 16/12/2021 40.00 327 AMI 05762 Books